Ruxley Electronics and Construction Ltd v Forsyth; Laddingford Enclosures Ltd v Forsyth (Record no. 15686)
[ view plain ]
| 000 -LEADER | |
|---|---|
| fixed length control field | 01080cab a2200241 4500 |
| 001 - CONTROL NUMBER | |
| control field | ABS51365 |
| 008 - FIXED-LENGTH DATA ELEMENTS--GENERAL INFORMATION | |
| fixed length control field | 090401t1994 xxu||||| |||| 00| 0 eng d |
| 035 ## - SYSTEM CONTROL NUMBER | |
| System control number | (Sirsi) u23473 |
| 041 ## - LANGUAGE CODE | |
| Language code of text/sound track or separate title | eng |
| 245 ## - TITLE STATEMENT | |
| Title | Ruxley Electronics and Construction Ltd v Forsyth; Laddingford Enclosures Ltd v Forsyth |
| 260 ## - PUBLICATION, DISTRIBUTION, ETC. | |
| Date of publication, distribution, etc. | 1994 |
| 350 ## - PRICE (NR) (BK AM CF MU VM SE) [OBSOLETE] | |
| Price | 0 |
| 490 ## - SERIES STATEMENT | |
| Series statement | All England Law Reports |
| Volume/sequential designation | 1994 3 All ER 801-814(14) |
| 520 ## - SUMMARY, ETC. | |
| Summary, etc. | CA 16 December 1993. Appeal against level of damages awarded over contractor`s failure to complete swimming pool to specified depth. HC ruled that the defect had not diminished value of pool. CA allowed defendant`s claim on the grounds that it was not unreasonable to award as damages the cost of replacing the pool in order to make good the breach of contract even though the shortfall in its depth had not decreased its value. |
| 650 ## - SUBJECT ADDED ENTRY--TOPICAL TERM | |
| Topical term or geographic name entry element | BREACH OF CONTRACT |
| 650 ## - SUBJECT ADDED ENTRY--TOPICAL TERM | |
| Topical term or geographic name entry element | CONTRACT |
| 650 ## - SUBJECT ADDED ENTRY--TOPICAL TERM | |
| Topical term or geographic name entry element | DAMAGES |
| 650 ## - SUBJECT ADDED ENTRY--TOPICAL TERM | |
| Topical term or geographic name entry element | MEASURE OF DAMAGES |
| 650 ## - SUBJECT ADDED ENTRY--TOPICAL TERM | |
| Topical term or geographic name entry element | SWIMMING POOL |
| 690 ## - LOCAL SUBJECT ADDED ENTRY--TOPICAL TERM (OCLC, RLIN) | |
| Topical term or geographic name as entry element | BUILDING AND CONSTRUCTION-CASE LAW |
| 942 ## - ADDED ENTRY ELEMENTS (KOHA) | |
| Suppress in OPAC | 0 |
| 948 ## - LOCAL PROCESSING INFORMATION (OCLC); SERIES PART DESIGNATOR (RLIN) | |
| c (OCLC) | 04/03/1997 |
| Withdrawn status | Lost status | Source of classification or shelving scheme | Damaged status | Not for loan | Home library | Current library | Shelving location | Date acquired | Total Checkouts | Full call number | Barcode | Date last seen | Copy number | Price effective from | Koha item type |
|---|---|---|---|---|---|---|---|---|---|---|---|---|---|---|---|
| Dewey Decimal Classification | London | London | Journal article | 14/09/1999 | ABS51365 | 23473-1001 | 06/08/2019 | 1 | 06/08/2019 | Law report |